Fábulas de una abuela extraterrestre /

Guardado en:
Bibliografiske detaljer
Hovedforfatter: Chaviano, Daína (autor)
Format: Bog
Sprog:spansk
Udgivet: México : Océano, 2002, c2002
Serier:(El Día Siguiente)
(Para Estar en el Mundo)
Fag:
Tags: Tilføj Tag
Ingen Tags, Vær først til at tagge denne postø!

MARC

LEADER 00000nam^a2200000^a^4500
001 000159711
005 20250521000000.0
009 20260310100659.127
020 |a 970-651-661-1 
037 |a Acervo ITESO - Biblioteca 
041 |a ESP 
082 |a 863.  |b CHA 
100 |a Chaviano, Daína  |e (autor) 
245 1 0 |a Fábulas de una abuela extraterrestre /  |c D. Chaviano. 
264 4 |a México :  |b Océano,  |c 2002, c2002 
300 |a 324 p. 
336 |a texto  |b txt  |2 rdacontenido 
337 |a sin mediación  |b n  |2 rdamedio 
338 |a volumen  |b nc  |2 rdasoporte 
440 4 |a (El Día Siguiente) 
440 1 |a (Para Estar en el Mundo) 
545 0 |a La cubana Daína Chaviano (La Habana, 1957), residente desde 1991 en Estados Unidos, es una de las más importantes escritoras dentro de la literatura cubana en el género de ciencia-ficción. Conocedora de la gestación de éste, en su tierra natal, lo renueva aportando nuevos elementos como cuestiones históricas y reales insertadas a lo propio de la ciencia ficción, de la literatura gótica y de la fantasía. Ha recibido, entre otros, el premio David de Ciencia Ficción de Cuba, el Premio Azorín de Novela 1998 y el Premio Internacional de Goliardos en 2003 en México. Entre sus obras tenemos: Los mundos que amo (1980); Amoroso planeta (1983); Historias de hadas para adultos (1986); El abrevadero de los dinosaurios (1990); Fábulas de una abuela extraterrestre (1988); El hombre, la hembra y el hambre (1998); Casa de juegos (1999); Gata encerrada (2001) y la colección de relatos País de dragones (2001). 
649 |a XX 
650 |a Novela Cubana 
650 |a Literatura Cubana -  |y Siglo XX 
650 |a Literatura Fantástica -  |z Cuba 
650 |a Literatura de Ciencia-Ficción -  |z Cuba 
650 |a Literatura de Mujeres -  |z Cuba 
910 |a Fondo General 
920 |a Impresos - Libros 
930 |a Colección General 
940 |a Literatura 
905 |a 101 
901 |a 0500091219  |b IT1  |c LIT  |u 20250521 
902 |a https://opac.biblio.iteso.mx/vufind/Record/000159711